| 000 | 00549nam a2200169 i 4500 | ||
|---|---|---|---|
| 001 | 34542 | ||
| 003 | ES-MaACL | ||
| 005 | 20230906154942.0 | ||
| 007 | t| | ||
| 008 | 030207s1919 fr ||||1| fre d | ||
| 100 | 1 |
_aBonhomme, J. _930166 |
|
| 245 | 1 | 0 |
_aCours de résistance des materiaux _b: applications au calcul des éléments des machines / _cpar J. Bonhomme. |
| 260 |
_aParís : _b[s.n., _c1919] ( _eTours : _fDeslis Frères) |
||
| 300 |
_aVIII, 628 p. ; _c25 cm. |
||
| 650 | 4 |
_aResistencia de materiales. _9136826 |
|
| 852 |
_aES-MaACL _jB-4785 |
||
| 999 |
_c34542 _d34542 |
||